|
|
|
|
| LEADER |
00000cam a22000004a 4500 |
| 001 |
musev2_63365 |
| 003 |
MdBmJHUP |
| 005 |
20230905050525.0 |
| 006 |
m o d |
| 007 |
cr||||||||nn|n |
| 008 |
181109s2019 kyu o 00 0 eng d |
| 020 |
|
|
|a 9780813176680
|
| 020 |
|
|
|z 9780813176666
|
| 020 |
|
|
|z 9780813176673
|
| 035 |
|
|
|a (OCoLC)1062360621
|
| 040 |
|
|
|a MdBmJHUP
|c MdBmJHUP
|
| 100 |
1 |
|
|a Leonard, Elizabeth D.,
|e author.
|
| 245 |
1 |
0 |
|a Slaves, Slaveholders, and a Kentucky Community's Struggle Toward Freedom /
|c Elizabeth D. Leonard.
|
| 264 |
|
1 |
|a Lexington, Kentucky :
|b The University Press of Kentucky,
|c [2019]
|
| 264 |
|
3 |
|a Baltimore, Md. :
|b Project MUSE,
|c 2019
|
| 264 |
|
4 |
|c ©[2019]
|
| 300 |
|
|
|a 1 online resource (196 pages).
|
| 336 |
|
|
|a text
|b txt
|2 rdacontent
|
| 337 |
|
|
|a computer
|b c
|2 rdamedia
|
| 338 |
|
|
|a online resource
|b cr
|2 rdacarrier
|
| 505 |
0 |
|
|a Front Cover; TItle Page; Copyright Page; Dedication; Contents; Preface; Part One: Once a Slaveholder; Part Two: Once a Slave; Part Three: War's End and Returning to Kentucky; Notes; Bibliography; Index.
|
| 588 |
|
|
|a Description based on print version record.
|
| 600 |
1 |
7 |
|a Holt, Joseph,
|d 1807-1894.
|2 fast
|0 (OCoLC)fst00250212
|
| 600 |
1 |
0 |
|a Holt, Joseph,
|d 1807-1894.
|
| 600 |
1 |
0 |
|a Holt, Sandy,
|d 1824?-1896.
|
| 650 |
|
7 |
|a Slaves
|x Emancipation.
|2 fast
|0 (OCoLC)fst01120540
|
| 650 |
|
7 |
|a Slaves.
|2 fast
|0 (OCoLC)fst01120522
|
| 650 |
|
7 |
|a Slaveholders.
|2 fast
|0 (OCoLC)fst01120418
|
| 650 |
|
7 |
|a Race relations.
|2 fast
|0 (OCoLC)fst01086509
|
| 650 |
|
7 |
|a Politics and government.
|2 fast
|0 (OCoLC)fst01919741
|
| 650 |
|
7 |
|a Judges.
|2 fast
|0 (OCoLC)fst00984490
|
| 650 |
|
7 |
|a African Americans.
|2 fast
|0 (OCoLC)fst00799558
|
| 650 |
|
7 |
|a African American soldiers.
|2 fast
|0 (OCoLC)fst00799366
|
| 650 |
|
7 |
|a HISTORY
|z United States
|x Civil War Period (1850-1877)
|2 bisacsh
|
| 650 |
|
7 |
|a SOCIAL SCIENCE
|x Popular Culture.
|2 bisacsh
|
| 650 |
|
7 |
|a SOCIAL SCIENCE
|x Anthropology
|x Cultural.
|2 bisacsh
|
| 650 |
|
7 |
|a POLITICAL SCIENCE
|x Public Policy
|x Cultural Policy.
|2 bisacsh
|
| 650 |
|
7 |
|a BIOGRAPHY & AUTOBIOGRAPHY
|x Social Scientists & Psychologists.
|2 bisacsh
|
| 650 |
|
6 |
|a Militaires noirs americains
|x Histoire
|y 19e siecle.
|
| 650 |
|
6 |
|a Juges
|z États-Unis
|v Biographies.
|
| 650 |
|
6 |
|a Proprietaires d'esclaves
|z Kentucky
|v Biographies.
|
| 650 |
|
6 |
|a Militaires noirs americains
|y 19e siecle
|v Biographies.
|
| 650 |
|
6 |
|a Noirs americains
|z Kentucky
|v Biographies.
|
| 650 |
|
0 |
|a Slaves
|x Emancipation
|z United States.
|
| 650 |
|
0 |
|a African American soldiers
|x History
|y 19th century.
|
| 650 |
|
0 |
|a Judges
|z United States
|v Biography.
|
| 650 |
|
0 |
|a Slaveholders
|z Kentucky
|v Biography.
|
| 650 |
|
0 |
|a Slaves
|z Kentucky
|v Biography.
|
| 650 |
|
0 |
|a African American soldiers
|y 19th century
|v Biography.
|
| 650 |
|
0 |
|a African Americans
|z Kentucky
|v Biography.
|
| 651 |
|
7 |
|a United States.
|2 fast
|0 (OCoLC)fst01204155
|
| 651 |
|
7 |
|a Kentucky.
|2 fast
|0 (OCoLC)fst01204494
|
| 651 |
|
6 |
|a États-Unis
|x Politique et gouvernement
|y 1849-1877.
|
| 651 |
|
6 |
|a États-Unis
|x Relations raciales
|x Histoire
|y 19e siecle.
|
| 651 |
|
6 |
|a Kentucky
|x Relations raciales
|x Histoire
|y 19e siecle.
|
| 651 |
|
0 |
|a United States
|x Politics and government
|y 1849-1877.
|
| 651 |
|
0 |
|a United States
|x Race relations
|x History
|y 19th century.
|
| 651 |
|
0 |
|a Kentucky
|x Race relations
|x History
|y 19th century.
|
| 655 |
|
7 |
|a History.
|2 fast
|0 (OCoLC)fst01411628
|
| 655 |
|
7 |
|a Biographies.
|2 fast
|0 (OCoLC)fst01919896
|
| 655 |
|
7 |
|a Electronic books.
|2 local
|
| 710 |
2 |
|
|a Project Muse.
|e distributor
|
| 830 |
|
0 |
|a Book collections on Project MUSE.
|
| 856 |
4 |
0 |
|z Texto completo
|u https://projectmuse.uam.elogim.com/book/63365/
|
| 945 |
|
|
|a Project MUSE - Custom Collection
|
| 945 |
|
|
|a Project MUSE - 2019 Complete
|
| 945 |
|
|
|a Project MUSE - 2019 History
|
| 945 |
|
|
|a Project MUSE - 2019 American Studies
|